=LDR 00000nam 2200000 4500 =001 INLIS000000000043885 =005 20131008103932 =008 ***********************************ind** =035 ##$$0010-101300000001807 =041 ##$$a ind =082 ##$$a F.Rom.D =090 ##$$a F.Rom.K, Har m =100 ##$$a Hardiwijaya, Yennie =245 ##$$a Miss Jutek, Yennie Hardiwijaya =260 ##$$a 2006 $b Jakarta =300 ##$$a viii, 476 hlm, 19 cm =650 ##$$a Fiksi Dewasa =850 ##$$a NBPNMAT =990 ##$$a 00390039 =990 ##$$a 01201800039